[Event "III Miedzynarodowy Memorial Ireny Warakomskiej - Open B"]
[Site "Suwalki"]
[Date "2019.08.12"]
[Round "2.34"]
[White "Wolagiewicz, Kinga "]
[Black "Ryszkiewicz, Adam"]
[Result "0-1"]
[WhiteTitle ""]
[BlackTitle ""]
[WhiteElo "1650"]
[BlackElo "1927"]

1. e4 e5 2. Nf3 Nc6 3. d4 exd4 4. Nxd4 Bc5 5. Nxc6 Qf6 6. Qf3 dxc6 7. Qxf6 Nxf6
8. Bd3 Bd7 9. Bg5 Ng4 10. O-O f6 11. Bh4 O-O-O 12. Nd2 g5 13. Bg3 h5 14. h3 h4
15. Bh2 Nxh2 16. Kxh2 Bd4 17. Rab1 g4 18. hxg4 Bxg4 19. a4 a6 20. b4 Bc3 21. Nc4
b5 22. axb5 cxb5 23. Ne3 Be6 24. f4 c6 25. f5 Bf7 26. Rf3 Kb7 27. Rh3 Ba2 28.
Rh1 Bxb4 29. Ng4 Bc3 30. Kg1 a5 31. Rxh4 Rxh4 32. Rxh4 b4 33. Rh3 a4 34. Nf2 a3
35. Nd1 Bd4+ 36. Kf1 Bg8 37. c3 a2 0-1

[Event "III Miedzynarodowy Memorial Ireny Warakomskiej - Open B"]
[Site "Suwalki"]
[Date "2019.08.12"]
[Round "2.35"]
[White "Kozlowski, Michal"]
[Black "Sentowski, Sebastian "]
[Result "1-0"]
[WhiteTitle ""]
[BlackTitle ""]
[WhiteElo "1926"]
[BlackElo "1742"]

1. e4 c6 2. d4 d5 3. exd5 cxd5 4. Bd3 Nc6 5. Ne2 Bg4 6. O-O Nf6 7. c3 g6 8. Bf4
Bg7 9. h3 Bd7 10. Ng3 O-O 11. Na3 a6 12. Nc2 Re8 13. Re1 b5 14. Be5 Qb6 15. Ne3
Be6 16. f4 Bh6 17. Bxf6 Bxf4 18. Bh4 g5 19. Nh5 Bxe3+ 20. Rxe3 gxh4 21. Rxe6 Kh8
22. Rh6 e6 23. Qg4 1-0

[Event "III Miedzynarodowy Memorial Ireny Warakomskiej - Open B"]
[Site "Suwalki"]
[Date "2019.08.12"]
[Round "2.36"]
[White "Skawinski, Szymon"]
[Black "Flis, Pawel"]
[Result "1/2-1/2"]
[WhiteTitle ""]
[BlackTitle ""]
[WhiteElo "1676"]
[BlackElo "1925"]

1. e4 c5 2. c3 g6 3. d4 cxd4 4. cxd4 d5 5. Nc3 dxe4 6. Bc4 Bg7 7. Qb3 e6 8. d5
Nf6 9. dxe6 O-O 10. exf7+ Kh8 11. Nge2 Nc6 12. Bg5 Na5 13. Qb4 Nxc4 14. Rd1 Qb6
15. Qxc4 Be6 16. Qd4 Bxf7 17. Qxb6 axb6 18. Rd6 Ng4 19. Rxb6 Bxa2 20. O-O Bc4
21. h3 Ne5 22. Rd1 Ba6 23. Nd4 Nd3 24. Be3 Rfe8 25. Ne6 Be5 26. Nxe4 Nxb2 27.
Rxb2 Bxb2 28. Nc7 Rac8 29. Nxe8 Rxe8 30. Nc5 Re7 31. Bh6 Re8 32. Rb1 Bg7 33. Bxg7+
Kxg7 34. Rb6 Re1+ 35. Kh2 Re2 36. f3 Ra2 37. Kg1 h5 38. Nxb7 h4 39. Rb1 Bd3 40.
Re1 Rb2 41. Nc5 Bf5 42. Ne4 Kf7 43. Nd6+ Kf6 44. Nxf5 Kxf5 45. Re4 g5 46. Kh2
Ra2 47. Rg4 Rb2 48. Ra4 Rc2 49. Rg4 Rb2 50. Kg1 Ra2 51. Kh2 1/2-1/2

[Event "III Miedzynarodowy Memorial Ireny Warakomskiej - Open B"]
[Site "Suwalki"]
[Date "2019.08.12"]
[Round "2.37"]
[White "Wojdak, Jan"]
[Black "Burak, Vyacheslav"]
[Result "1-0"]
[WhiteTitle ""]
[BlackTitle ""]
[WhiteElo "1913"]
[BlackElo "1509"]

1. e4 c5 2. Nf3 d6 3. d4 cxd4 4. Nxd4 Nf6 5. Nc3 a6 6. f4 e6 7. a4 b6 8. Bd3 Bb7
9. O-O Nbd7 10. Qe1 Qc7 11. Kh1 Be7 12. Bd2 O-O 13. Nf3 Rac8 14. Qe2 Nc5 15. b4
Nxd3 16. cxd3 Rfd8 17. Rac1 Qb8 18. Be3 Ba8 19. Rc2 Ng4 20. Bg1 d5 21. exd5 Bxb4
22. Na2 Rxc2 23. Qxc2 Qxf4 24. Bxb6 Rxd5 25. Qc8+ Bf8 26. Qxa8 Rh5 27. Bg1 Qxa4
28. Qe4 Nxh2 29. Bxh2 Qxa2 30. Ne5 Qd5 31. Qxd5 exd5 32. Nxf7 a5 33. Ne5 Bd6 34.
d4 a4 35. Nf3 Bxh2 36. Nxh2 Rh4 37. Rd1 a3 38. Kg1 a2 39. Nf3 Re4 40. Kf2 h6 41.
Ra1 g5 42. Rxa2 g4 43. Nh2 Rxd4 44. Kg3 h5 45. Kh4 Kg7 46. Kxh5 Kf6 47. Nxg4+
Kf5 48. Rf2+ Ke4 49. Nf6+ Ke5 50. g4 Rd1 51. g5 d4 52. Ng4+ Ke6 53. g6 Rh1+ 54.
Kg5 Rh8 55. Nh6 Kd5 56. g7 Ra8 57. Rf8 1-0

[Event "III Miedzynarodowy Memorial Ireny Warakomskiej - Open B"]
[Site "Suwalki"]
[Date "2019.08.12"]
[Round "2.38"]
[White "Czernecki, Andrzej "]
[Black "Hasinski, Krystian "]
[Result "1/2-1/2"]
[WhiteTitle ""]
[BlackTitle ""]
[WhiteElo "1580"]
[BlackElo "1902"]

1. e4 c6 2. d4 d5 3. Nc3 dxe4 4. Nxe4 Bf5 5. Ng3 Bg6 6. h4 h6 7. Nf3 Nd7 8. h5
Bh7 9. Bd3 Bxd3 10. Qxd3 Ngf6 11. Bd2 Qc7 12. O-O-O e6 13. Ne4 Nxe4 14. Qxe4 Nf6
15. Qe2 Bd6 16. g3 O-O-O 17. c4 c5 18. Bc3 Rd7 19. Ne5 Rdd8 20. Kb1 Bxe5 21. dxe5
Rxd1+ 22. Rxd1 Nd7 23. Rd6 Nb8 24. Qd1 Nc6 25. b3 Rd8 26. Rxd8+ Qxd8 27. Qxd8+
Kxd8 28. Kc2 g6 29. g4 gxh5 30. gxh5 Ne7 31. Kd3 Nf5 32. Ke4 Kd7 33. Bd2 Kc6 34.
Kd3 a6 35. Ke4 Kb6 36. Kd3 Kc6 37. Ke4 1/2-1/2

[Event "III Miedzynarodowy Memorial Ireny Warakomskiej - Open B"]
[Site "Suwalki"]
[Date "2019.08.12"]
[Round "2.39"]
[White "Milanowski, Jan"]
[Black "Mazurek, Jerzy "]
[Result "0-1"]
[WhiteTitle ""]
[BlackTitle ""]
[WhiteElo "1857"]
[BlackElo "1653"]

1. c4 c6 2. g3 d5 3. cxd5 cxd5 4. Bg2 Nf6 5. d3 Nc6 6. Nf3 a6 7. O-O Bg4 8. h3
Bh5 9. Be3 e6 10. a3 Be7 11. b4 Nd7 12. Qb3 O-O 13. Ra2 Bxf3 14. Bxf3 b5 15. Rc2
Nce5 16. Bg2 Nb6 17. Rfc1 Na4 18. f4 Nd7 19. Rc6 Ndb6 20. Bf2 Bf6 21. Nd2 g6 22.
Nf3 d4 23. Nh2 Qd7 24. Ng4 Bg7 25. Rc7 Rac8 26. Rxc8 Rxc8 27. Rc2 Rc3 28. Rxc3
dxc3 29. Qc2 Nc4 30. Qc1 h5 31. dxc4 Qd2 32. Be3 Bd4 33. Nf6+ Kf8 34. Nh7+ Ke7
35. Bxd4 Qxc1+ 36. Kf2 f5 37. c5 Qd2 38. Be3 Qd1 39. c6 Kd6 40. Nf6 Kc7 41. Ne8+
Kc8 0-1

[Event "III Miedzynarodowy Memorial Ireny Warakomskiej - Open B"]
[Site "Suwalki"]
[Date "2019.08.12"]
[Round "2.41"]
[White "Mazurek, Jakub "]
[Black "Duda, Lukasz "]
[Result "0-1"]
[WhiteTitle ""]
[BlackTitle ""]
[WhiteElo "1605"]
[BlackElo "1847"]

1. e4 e5 2. Nf3 Nc6 3. Bb5 Bc5 4. O-O Nd4 5. Ba4 Nxf3+ 6. Qxf3 Nf6 7. d3 h6 8.
Qg3 Qe7 9. Qxg7 Rg8 10. Qxh6 Rg6 11. Qh8+ Rg8 12. Qh3 c6 13. Qf3 d6 14. h3 Be6
15. Be3 O-O-O 16. c3 Rg6 17. d4 Bb6 18. dxe5 dxe5 19. Bxb6 axb6 20. Bb3 Rdg8 21.
g3 Bxh3 22. Re1 Qc5 23. Kh2 Ng4+ 24. Kxh3 Rh8+ 25. Kg2 Rh2+ 26. Kg1 Rxf2 27. Be6+
Rxe6 28. b4 Qe7 29. Qh1 Qf6 30. Qh3 Rh2 0-1

[Event "III Miedzynarodowy Memorial Ireny Warakomskiej - Open B"]
[Site "Suwalki"]
[Date "2019.08.12"]
[Round "2.42"]
[White "Koseski, Damian"]
[Black "Kuleba, Ivan "]
[Result "1-0"]
[WhiteTitle ""]
[BlackTitle ""]
[WhiteElo "1846"]
[BlackElo "1609"]

1. d4 d5 2. c4 c6 3. e3 e6 4. Nf3 f5 5. Nc3 Nf6 6. a3 Bd6 7. Be2 O-O 8. b4 Ne4
9. Qb3 a6 10. a4 Qe7 11. c5 Bc7 12. Bb2 Nd7 13. g3 g5 14. Nxe4 fxe4 15. Ne5 Qf6
16. Ng4 Qg7 17. O-O h5 18. Ne5 g4 19. b5 Nxe5 20. dxe5 axb5 21. axb5 Rxa1 22.
Bxa1 Bxe5 23. Bxe5 Qxe5 24. bxc6 bxc6 25. Qb6 Bd7 26. Ba6 Kf7 27. Qa7 Ke7 28.
Bb7 Qc7 29. Ra1 Rb8 30. Bxc6 Rc8 31. Bb7 Rb8 32. c6 Bc8 33. Bxc8 Rxc8 34. Qc5+
Kf6 35. Ra6 Rd8 36. Ra7 Qd6 37. Qc3+ d4 38. exd4 Qxd4 39. c7 1-0

[Event "III Miedzynarodowy Memorial Ireny Warakomskiej - Open B"]
[Site "Suwalki"]
[Date "2019.08.12"]
[Round "2.43"]
[White "Borowik, Wojciech"]
[Black "Dziewonski, Dariusz"]
[Result "1-0"]
[WhiteTitle ""]
[BlackTitle ""]
[WhiteElo "1599"]
[BlackElo "1838"]

1. d4 d5 2. c4 e6 3. Nc3 Nf6 4. Bg5 Be7 5. e3 O-O 6. Nf3 h6 7. Bh4 b6 8. cxd5 Nxd5
9. Bxe7 Qxe7 10. Be2 Bb7 11. O-O Nd7 12. Nxd5 Bxd5 13. Qc2 c5 14. Rfd1 Rfd8 15.
a4 Rac8 16. Ba6 Rc7 17. Qe2 cxd4 18. Nxd4 Nc5 19. Bb5 Nb3 20. Nxb3 Bxb3 21. Rd3
Rdc8 22. Qe1 Bc2 23. Rd2 Qf6 24. Ba6 Rd8 25. Rc1 Rxd2 26. Qxd2 Qxb2 27. Bd3 Rd7
28. Qxc2 Qf6 29. g3 g6 30. Bb5 Rd5 31. Qe4 Qb2 32. Rb1 Qc3 33. Qc4 Qf6 34. Rf1
Qg5 35. Qf4 Qh5 36. e4 Rg5 37. Qf6 Qh3 38. Rd1 Qxg3+ 39. fxg3 1-0

[Event "III Miedzynarodowy Memorial Ireny Warakomskiej - Open B"]
[Site "Suwalki"]
[Date "2019.08.12"]
[Round "2.44"]
[White "Jasinowicz, Waclaw "]
[Black "Wiewiora, Michalina"]
[Result "1/2-1/2"]
[WhiteTitle ""]
[BlackTitle ""]
[WhiteElo "1523"]
[BlackElo "1812"]

1. e4 c6 2. d4 d5 3. Nc3 dxe4 4. Nxe4 Bf5 5. Ng3 Bg6 6. Nf3 Nd7 7. h4 h6 8. h5
Bh7 9. Bd3 Bxd3 10. Qxd3 Ngf6 11. Bd2 e6 12. O-O-O Qc7 13. Kb1 Bd6 14. Ne4 Nxe4
15. Qxe4 Nf6 16. Qe2 O-O-O 17. g3 Kb8 18. Ne5 Ka8 19. c4 c5 20. Bf4 Qe7 21. Rhe1
cxd4 22. Rxd4 Bc5 23. Rdd1 1/2-1/2

[Event "III Miedzynarodowy Memorial Ireny Warakomskiej - Open B"]
[Site "Suwalki"]
[Date "2019.08.12"]
[Round "2.45"]
[White "Szczygiel, Jakub "]
[Black "Wilk, Igor "]
[Result "1/2-1/2"]
[WhiteTitle ""]
[BlackTitle ""]
[WhiteElo "1809"]
[BlackElo "1600"]

1. d4 Nf6 2. c4 e6 3. a3 d5 4. Nc3 Be7 5. Nf3 O-O 6. e3 c6 7. Be2 Nbd7 8. O-O b6
9. b3 Bb7 10. Bb2 c5 11. Rc1 Rc8 12. cxd5 Nxd5 13. Nxd5 Bxd5 14. dxc5 Nxc5 15.
b4 Ne4 16. Qa4 Bd6 17. Rxc8 Qxc8 18. Rc1 Qb8 19. Qd1 Be7 20. Be5 Bd6 21. Bb2 Rd8
22. Qc2 Bb7 23. Bd3 Rc8 24. Qb1 Rxc1+ 25. Qxc1 Qc7 26. Qxc7 Bxc7 27. Kf1 f6 28.
Bc4 Kf7 29. Ke2 Nd6 30. Bb3 Ba6+ 31. Ke1 Bc4 32. Bxc4 Nxc4 33. Bc1 a5 34. bxa5
bxa5 35. Nd2 Nxd2 36. Kxd2 Ke7 37. Kd3 Kd6 38. Kc4 Kc6 39. h3 Bb6 1/2-1/2

[Event "III Miedzynarodowy Memorial Ireny Warakomskiej - Open B"]
[Site "Suwalki"]
[Date "2019.08.12"]
[Round "2.46"]
[White "Zalega, Maciej "]
[Black "Diachek, Alina "]
[Result "1-0"]
[WhiteTitle ""]
[BlackTitle ""]
[WhiteElo "1429"]
[BlackElo "1804"]

1. e4 e6 2. d4 d5 3. e5 c5 4. c3 Nc6 5. Nf3 Qb6 6. a3 cxd4 7. cxd4 Nh6 8. b4 Nf5
9. Be3 Nxe3 10. fxe3 f6 11. b5 Qa5+ 12. Nfd2 Nd8 13. exf6 gxf6 14. Qh5+ Nf7 15.
Bd3 Bh6 16. Rf1 f5 17. Ke2 Rg8 18. Rf2 Bd7 19. a4 Rc8 20. Nb3 Qb4 21. N1d2 b6
22. Rb1 Qxa4 23. Ra1 Qb4 24. Rxa7 Rg5 25. Qh3 Bxb5 26. Bxb5+ Qxb5+ 27. Ke1 Rg6
28. Rxf5 Nd8 29. Rh5 Rg7 30. Rxg7 Bxg7 31. Rxh7 Rc7 32. Qh5+ Kf8 33. Qg5 Qd7 34.
h4 Qe7 35. Rxg7 Qxg5 36. Rxg5 Rh7 37. Nf3 Nf7 38. Rg3 Nh6 39. Ng5 Re7 40. Rf3+
Ke8 41. Rf6 Nf5 42. Rxe6 Nxh4 43. Rxe7+ Kxe7 44. Kf2 Kf6 45. Nh3 Kf5 46. Nf4 b5
47. Nxd5 Ke4 48. Nc3+ Kd3 49. Nxb5 Kc4 50. Nc5 Kxb5 51. g4 Kc4 52. Kg3 Ng6 53.
g5 Ne7 54. Kf4 Kd5 55. Nb3 Kc4 56. Ke5 Kxb3 57. Ke6 Ng6 58. Kf6 Nf8 59. g6 Nxg6
60. Kxg6 Kc4 61. Kf5 Kd5 62. e4+ Kd6 63. e5+ Ke7 64. d5 Kd7 65. d6 Ke8 66. Ke6
1-0

[Event "III Miedzynarodowy Memorial Ireny Warakomskiej - Open B"]
[Site "Suwalki"]
[Date "2019.08.12"]
[Round "2.47"]
[White "Cwiek, Ryszard "]
[Black "Olszewski, Jan "]
[Result "1-0"]
[WhiteTitle ""]
[BlackTitle ""]
[WhiteElo "1800"]
[BlackElo "1405"]

1. e4 e5 2. Nf3 Nc6 3. Nc3 Nf6 4. d4 exd4 5. Nxd4 Bb4 6. Nxc6 bxc6 7. Bd3 O-O 8.
O-O Re8 9. Bg5 h6 10. Bh4 d6 11. Re1 Be6 12. a3 Ba5 13. h3 Rb8 14. b4 Bb6 15.
Rb1 Qc8 16. Bxf6 gxf6 17. Qh5 Kg7 18. Rf1 Bd7 19. Na4 Re5 20. Qh4 f5 21. Nxb6
cxb6 22. f4 Rxe4 23. Bxe4 fxe4 24. f5 Bxf5 25. g4 Bg6 26. Qf6+ Kg8 27. Qxd6 Rb7
28. Rbd1 Qc7 29. Qxc7 Rxc7 30. Kf2 c5 31. b5 Kf8 32. Ke3 Ke7 33. c4 a6 34. a4
a5 35. Rf4 Rc8 36. h4 f6 37. Rf2 Rc7 38. Rdf1 1-0

[Event "III Miedzynarodowy Memorial Ireny Warakomskiej - Open B"]
[Site "Suwalki"]
[Date "2019.08.12"]
[Round "3.1"]
[White "Gawronski, Miroslaw"]
[Black "Paprocki, Antoni "]
[Result "1-0"]
[WhiteTitle ""]
[BlackTitle ""]
[WhiteElo "2076"]
[BlackElo "1752"]

1. c4 Nf6 2. Nc3 g6 3. g3 Bg7 4. Bg2 O-O 5. e4 d6 6. f4 c6 7. Nf3 e5 8. O-O Ng4
9. h3 Qb6+ 10. d4 Nh6 11. c5 dxc5 12. dxe5 f5 13. exf6 Bxf6 14. e5 Bg7 15. g4
Na6 16. Qe2 Re8 17. Be3 Nf7 18. Ne4 Be6 19. Rfc1 Bd5 20. Neg5 Nxg5 21. Nxg5 Rad8
22. h4 Qb5 23. Qxb5 cxb5 24. Bf1 Bc6 25. a4 c4 26. axb5 Bxb5 27. Ra5 h6 28. Rxb5
hxg5 29. hxg5 b6 30. Bxc4+ Kh8 31. Kf2 Nc7 32. Rh1+ 1-0

[Event "III Miedzynarodowy Memorial Ireny Warakomskiej - Open B"]
[Site "Suwalki"]
[Date "2019.08.12"]
[Round "3.2"]
[White "Lada, Michal "]
[Black "Bogdanov, Ignat"]
[Result "1-0"]
[WhiteTitle ""]
[BlackTitle ""]
[WhiteElo "1928"]
[BlackElo "2075"]

1. Nf3 Nf6 2. d4 e6 3. c4 b6 4. Nc3 Bb7 5. e3 d5 6. b3 Bb4 7. Bd2 O-O 8. Be2 Nbd7
9. Qc2 Qe7 10. O-O Rac8 11. Nb5 Bxd2 12. Nxd2 c6 13. Nc3 c5 14. Bf3 Ba6 15. Be2
cxd4 16. exd4 e5 17. dxe5 Nxe5 18. Rfe1 Qc7 19. Qf5 dxc4 20. bxc4 Nxc4 21. Nde4
Nxe4 22. Nxe4 Qc6 23. Bd3 Qh6 24. Ng5 g6 25. Qd5 Rc5 26. Nxf7 Qf4 27. Nh6+ Kg7
28. Re7+ Kxh6 29. Qd7 Ne5 30. Rxh7+ Kg5 31. h4+ Qxh4 32. Qe7+ Rf6 33. Rxh4 1-0

[Event "III Miedzynarodowy Memorial Ireny Warakomskiej - Open B"]
[Site "Suwalki"]
[Date "2019.08.12"]
[Round "3.3"]
[White "Kowalec, Maciej"]
[Black "Sapeta, Robert "]
[Result "1-0"]
[WhiteTitle ""]
[BlackTitle ""]
[WhiteElo "2074"]
[BlackElo "1896"]

1. d4 d6 2. Nf3 Bg4 3. c4 c6 4. Nc3 Nd7 5. e4 e5 6. Be2 Ngf6 7. Be3 Be7 8. O-O
O-O 9. a3 Re8 10. b4 Bf8 11. d5 Qc7 12. Qb3 Rec8 13. Rfc1 c5 14. h3 Bh5 15. g4
Bg6 16. Nd2 b6 17. b5 Qd8 18. a4 Ne8 19. Kg2 Be7 20. Nf3 h5 21. g5 Nf8 22. a5
f6 23. gxf6 Nxf6 24. Bd3 Bh7 25. Kh2 Ng6 26. Ne2 Nf4 27. Bxf4 exf4 28. Nxf4 Nxe4
29. Ne6 Qe8 30. axb6 axb6 31. Rxa8 Rxa8 32. Rg1 Bf6 33. Qc2 Ra3 34. Bxe4 Rxf3
35. Bxh7+ Kh8 36. Be4 Be5+ 37. Kg2 Rc3 38. Qe2 Qf7 39. Bd3 g6 40. Qe4 Qf5 41.
Qxf5 gxf5 42. Bxf5 Rxc4 43. Kf3 Rb4 44. Bg6 Rxb5 45. Bf7 Rb3+ 46. Ke4 1-0

[Event "III Miedzynarodowy Memorial Ireny Warakomskiej - Open B"]
[Site "Suwalki"]
[Date "2019.08.12"]
[Round "3.4"]
[White "Kruczynski, Marek"]
[Black "Zurkowski, Andrzej "]
[Result "0-1"]
[WhiteTitle ""]
[BlackTitle ""]
[WhiteElo "1723"]
[BlackElo "2071"]

1. e4 d5 2. exd5 Qxd5 3. Nc3 Qd6 4. d4 a6 5. g3 Nf6 6. Bg2 e5 7. dxe5 Qxe5+ 8.
Qe2 Bd6 9. Bf4 Qxe2+ 10. Ngxe2 Bxf4 11. Nxf4 O-O 12. O-O-O c6 13. h3 Nbd7 14.
Rhe1 Re8 15. Nd3 Kf8 16. f4 Rb8 17. g4 Rxe1 18. Rxe1 Ne8 19. Rd1 Nc7 20. f5 g6
21. Rf1 Kg7 22. Be4 c5 23. b3 Ne8 24. Nd5 Nd6 25. f6+ Kf8 26. Bg2 b5 27. N3f4
Bb7 28. Rd1 g5 29. Nh5 Ne8 30. Be4 Bxd5 31. Bxd5 Ndxf6 32. Nxf6 Nxf6 33. c4 Rd8
34. Kc2 Nxd5 35. cxd5 Ke7 36. Kc3 Rd6 37. Re1+ Kd7 38. Rf1 Ke7 39. Re1+ Kf8 40.
Re5 f6 41. Rf5 Ke7 42. Kd3 Rd8 43. Ke4 Kf7 44. d6 Rxd6 45. Rxc5 Rd2 46. a4 bxa4
47. bxa4 Rh2 48. Ra5 Rxh3 49. Rxa6 Rg3 50. a5 Rxg4+ 51. Kf3 Ra4 52. Ra8 f5 53.
a6 Ra3+ 54. Kf2 Kg6 55. a7 Kh5 56. Rf8 Rxa7 57. Rxf5 Kg4 58. Rb5 Ra2+ 59. Kg1
Kh4 0-1

[Event "III Miedzynarodowy Memorial Ireny Warakomskiej - Open B"]
[Site "Suwalki"]
[Date "2019.08.12"]
[Round "3.5"]
[White "Maciejewski, Kamil "]
[Black "Skawinski, Szymon"]
[Result "1-0"]
[WhiteTitle ""]
[BlackTitle ""]
[WhiteElo "2065"]
[BlackElo "1676"]

1. Nf3 d5 2. g3 Nf6 3. Bg2 e6 4. O-O Be7 5. d3 O-O 6. Nbd2 c5 7. e4 Nc6 8. Re1
b5 9. e5 Nd7 10. Nf1 Bb7 11. h4 Qc7 12. Bf4 Rfc8 13. h5 h6 14. N1h2 Qd8 15. Qd2
a5 16. g4 b4 17. Kh1 c4 18. d4 c3 19. bxc3 bxc3 20. Qe3 Nb6 21. Rg1 Nb4 22. Qc1
Nc4 23. g5 hxg5 24. Nxg5 Nd2 25. Nh3 Kh8 26. h6 g6 27. a3 Nd3 28. cxd3 Nb3 29.
Qc2 Nxa1 30. Rxa1 Ba6 31. Nf3 Rab8 32. Nhg5 Qe8 33. Ra2 a4 34. Nh2 Rb3 35. Ng4
Bxg5 36. Bxg5 Qf8 37. Bf6+ Kg8 38. Bg7 Qxg7 39. hxg7 Kxg7 40. Ne3 Rh8+ 41. Kg1
Rh4 42. Nxd5 Rxd4 43. Nxc3 Rxd3 44. Nxa4 Rxa3 45. Rxa3 Rxa3 46. Nc5 Bc8 47. Ne4
Ba6 48. Qc7 1-0

[Event "III Miedzynarodowy Memorial Ireny Warakomskiej - Open B"]
[Site "Suwalki"]
[Date "2019.08.12"]
[Round "3.6"]
[White "Szydlo, Michal "]
[Black "Hrymowicz, Artur "]
[Result "1/2-1/2"]
[WhiteTitle ""]
[BlackTitle ""]
[WhiteElo "1865"]
[BlackElo "2064"]

1. e4 c5 2. Nf3 e6 3. d4 cxd4 4. Nxd4 Nf6 5. Nc3 d6 6. g4 h6 7. h4 Nc6 8. Rg1 d5
9. exd5 Nxd5 10. Nxd5 exd5 11. h5 Be7 12. Be3 O-O 13. Qd2 Nxd4 14. Bxd4 Bg5 15.
Be3 Bxe3 16. fxe3 Qg5 17. O-O-O Be6 18. Qd4 Rac8 19. Bd3 Rfe8 20. Qf4 Re7 21.
Kb1 Rce8 22. Bb5 Rd8 23. Qxg5 hxg5 24. c4 Rc7 25. cxd5 Rxd5 26. Rxd5 Bxd5 27.
Bd3 Be6 28. a3 Kf8 29. Be2 Ke7 30. Rf1 b6 31. h6 g6 32. h7 Rc8 33. Rc1 Rh8 34.
Rc7+ Kd6 35. Rxa7 Rxh7 36. Kc2 Rh3 37. Kd3 f5 38. Rg7 f4 39. Rxg6 Rxe3+ 40. Kd2
Re5 41. Bc4 Re4 42. Bxe6 Rxe6 43. Rxg5 f3 44. Rf5 Re2+ 45. Kd3 Rxb2 46. Rxf3 Rg2
47. Kc4 Rxg4+ 48. Kb5 Kc7 49. Rf7+ Kb8 50. Kxb6 Rg6+ 51. Kb5 Rg5+ 1/2-1/2

[Event "III Miedzynarodowy Memorial Ireny Warakomskiej - Open B"]
[Site "Suwalki"]
[Date "2019.08.12"]
[Round "3.8"]
[White "Weintraub, Amit"]
[Black "Ocytko, Andrzej"]
[Result "0-1"]
[WhiteTitle ""]
[BlackTitle ""]
[WhiteElo "1876"]
[BlackElo "2047"]

1. d4 Nf6 2. c4 e6 3. Nc3 Bb4 4. f3 c5 5. d5 d6 6. e4 O-O 7. Nge2 exd5 8. cxd5
Nbd7 9. Ng3 a6 10. Be2 b5 11. O-O c4 12. a4 Rb8 13. Nf5 Nc5 14. Nd4 Bd7 15. axb5
axb5 16. Kh1 Qb6 17. Bg5 Nd3 18. Be3 Bc5 19. Bxd3 Bxd4 20. Bxd4 Qxd4 21. Bc2 Qc5
22. Ne2 Rfc8 23. Qd4 b4 24. Ba4 Bxa4 25. Qxc5 dxc5 26. Rxa4 Nd7 27. Kg1 Ne5 28.
Nc1 Ra8 29. Rxa8 Rxa8 30. Kf2 Ra1 31. Rd1 Rxc1 32. Rxc1 Nd3+ 33. Ke3 Nxc1 34.
e5 Kf8 35. Ke4 c3 36. bxc3 b3 0-1

[Event "III Miedzynarodowy Memorial Ireny Warakomskiej - Open B"]
[Site "Suwalki"]
[Date "2019.08.12"]
[Round "3.9"]
[White "Gryczka, Wlodzimierz "]
[Black "Jasinowicz, Waclaw "]
[Result "0-1"]
[WhiteTitle ""]
[BlackTitle ""]
[WhiteElo "2045"]
[BlackElo "1523"]

1. e4 e5 2. Nf3 Nc6 3. d4 exd4 4. Bc4 Nf6 5. O-O Be7 6. e5 Ne4 7. Bd5 Nc5 8. Bxc6
dxc6 9. Nxd4 O-O 10. Be3 Ne6 11. c4 Nxd4 12. Bxd4 c5 13. Be3 Bf5 14. Na3 Qxd1
15. Raxd1 a6 16. Rd5 Rfd8 17. Rfd1 b6 18. b3 c6 19. R5d2 Rxd2 20. Rxd2 Rd8 21.
Kf1 Rxd2 22. Bxd2 f6 23. Bc3 Kf7 24. Ke2 b5 25. cxb5 cxb5 26. Bb2 fxe5 27. Bxe5
c4 28. Bb2 cxb3 29. axb3 Be6 30. Nb1 Bxb3 31. Nd2 Bd5 32. f3 a5 33. Kd3 g6 34.
Kc2 Ke6 35. Bd4 a4 36. Ne4 Bxe4+ 37. fxe4 b4 38. Kb1 b3 39. e5 Kd5 40. Bc3 Kc4
41. Ba5 a3 42. Bc7 a2+ 43. Kb2 Ba3+ 44. Ka1 Bc5 0-1

[Event "III Miedzynarodowy Memorial Ireny Warakomskiej - Open B"]
[Site "Suwalki"]
[Date "2019.08.12"]
[Round "3.10"]
[White "Kaminski, Maciej "]
[Black "Chojnowski, Marcin "]
[Result "0-1"]
[WhiteTitle ""]
[BlackTitle ""]
[WhiteElo "1818"]
[BlackElo "2038"]

1. e4 c5 2. Nf3 d6 3. d4 cxd4 4. Nxd4 Nf6 5. Nc3 a6 6. Be3 e5 7. Nb3 Be7 8. f3
O-O 9. Qd2 Be6 10. O-O-O a5 11. Kb1 a4 12. Nc1 a3 13. b3 Nc6 14. g4 Nb4 15. g5
Nh5 16. Nb5 d5 17. c3 d4 18. cxd4 Rc8 19. Nxa3 Qa5 20. Nc4 Bxc4 21. bxc4 exd4
22. Bxd4 Rfd8 23. Be2 Ra8 24. Qb2 Nf4 25. Bxg7 Nxa2 26. Bh8 Bf8 27. Nxa2 Nxe2
28. Rd5 Rxd5 29. exd5 Ra6 30. Bc3 Nxc3+ 31. Nxc3 Bg7 32. Kc2 Rb6 33. Qa1 Bxc3
34. Qxa5 Bxa5 35. Kd3 Rb3+ 36. Ke4 Bb4 37. Rd1 Bd6 38. f4 Rb4 39. Rc1 b5 40. f5
Rxc4+ 41. Rxc4 bxc4 42. h4 c3 43. Kd3 Be5 44. h5 Kf8 45. f6 Bf4 46. Kxc3 Bxg5
47. Kd4 Bxf6+ 48. Kc5 Ke7 49. d6+ Ke6 50. h6 Be5 0-1

[Event "III Miedzynarodowy Memorial Ireny Warakomskiej - Open B"]
[Site "Suwalki"]
[Date "2019.08.12"]
[Round "3.12"]
[White "Laskowski, Filip "]
[Black "Jankowiak, Piotr "]
[Result "1/2-1/2"]
[WhiteTitle ""]
[BlackTitle ""]
[WhiteElo "1842"]
[BlackElo "2033"]

1. c4 e5 2. g3 Nf6 3. Bg2 d5 4. cxd5 Nxd5 5. Nf3 Nc6 6. O-O Nb6 7. a3 a5 8. d3
Be7 9. Nc3 O-O 10. Be3 Kh8 11. Rc1 f5 12. Bxb6 cxb6 13. Qb3 Bf6 14. Rfd1 Re8 15.
Na4 Ra6 16. e3 Be6 17. Qc2 Bf7 18. Nd2 Bd5 1/2-1/2

[Event "III Miedzynarodowy Memorial Ireny Warakomskiej - Open B"]
[Site "Suwalki"]
[Date "2019.08.12"]
[Round "3.13"]
[White "Grzesik, Norbert "]
[Black "Kozlowski, Michal"]
[Result "1-0"]
[WhiteTitle ""]
[BlackTitle ""]
[WhiteElo "2031"]
[BlackElo "1926"]

1. e4 c5 2. Nf3 Nc6 3. d4 cxd4 4. Nxd4 e5 5. Nb5 d6 6. N5c3 Be6 7. Nd5 Bxd5 8.
exd5 Nb8 9. c4 Nd7 10. Bd3 g6 11. O-O f5 12. Bxf5 gxf5 13. Qh5+ Ke7 14. Qxf5 Bg7
15. Qe6+ Kf8 16. Qxd6+ Qe7 17. Qc7 Nb6 18. Qxe7+ Nxe7 19. Nd2 Ng6 20. b3 Nf4 21.
Ba3+ Kf7 22. Ne4 Kg6 23. Rfe1 Nd7 24. Rad1 b6 25. Bc1 Bh6 26. h4 Rhg8 27. g3 Kh5
28. Kf1 Raf8 29. gxf4 Bxf4 30. Ke2 Bxc1 31. Rxc1 Rg2 32. Rg1 Rh2 33. Rh1 Rxh1
34. Rxh1 Rf4 35. Ke3 h6 36. b4 Kg4 37. Rg1+ Kf5 38. Ng3+ 1-0

[Event "III Miedzynarodowy Memorial Ireny Warakomskiej - Open B"]
[Site "Suwalki"]
[Date "2019.08.12"]
[Round "3.14"]
[White "Pavlytchev, Mikhail"]
[Black "Liberadzki, Slawomir "]
[Result "0-1"]
[WhiteTitle ""]
[BlackTitle ""]
[WhiteElo "1790"]
[BlackElo "2030"]

1. e4 c5 2. Nf3 e6 3. d4 cxd4 4. Nxd4 Nc6 5. Nb5 d6 6. c4 a6 7. N5c3 Nf6 8. Be3
Be7 9. Be2 O-O 10. O-O b6 11. Na3 Bb7 12. Nc2 Re8 13. Qd2 Rc8 14. b3 d5 15. cxd5
exd5 16. exd5 Nb4 17. Nd4 Nbxd5 18. Nxd5 Nxd5 19. Bc4 Bb4 20. Qd3 b5 21. Bxd5
Qxd5 22. f3 Rc3 0-1

[Event "III Miedzynarodowy Memorial Ireny Warakomskiej - Open B"]
[Site "Suwalki"]
[Date "2019.08.12"]
[Round "3.15"]
[White "Rak, Tomasz"]
[Black "Szczygiel, Jakub "]
[Result "1/2-1/2"]
[WhiteTitle ""]
[BlackTitle ""]
[WhiteElo "2022"]
[BlackElo "1809"]

1. Nf3 d5 2. d4 Nf6 3. Bf4 c5 4. e3 Nc6 5. Nbd2 cxd4 6. exd4 Bf5 7. c3 e6 8. Qb3
Qc8 9. Ne5 Be7 10. Be2 O-O 11. g4 Bg6 12. h4 h5 13. Nxg6 fxg6 14. gxh5 Nxh5 15.
Be3 Nf4 16. Bg4 Ng2+ 17. Ke2 Nxe3 18. fxe3 Rf6 19. Rag1 Na5 20. Qc2 Qc7 21. Rg2
e5 22. dxe5 Qxe5 23. Nf3 Qc7 24. b3 Re8 25. Qd3 Bc5 26. Qxd5+ Kh8 27. Nd4 Nc6
28. h5 Ne5 1/2-1/2

[Event "III Miedzynarodowy Memorial Ireny Warakomskiej - Open B"]
[Site "Suwalki"]
[Date "2019.08.12"]
[Round "3.16"]
[White "Bancarewicz, Aleks "]
[Black "Mazalon, Mariusz "]
[Result "1-0"]
[WhiteTitle ""]
[BlackTitle ""]
[WhiteElo "1773"]
[BlackElo "2012"]

1. e4 c5 2. Nf3 a6 3. c4 d6 4. d4 Bg4 5. dxc5 Bxf3 6. Qxf3 dxc5 7. Be3 Qb6 8. Qe2
Nc6 9. Nc3 e6 10. f3 Nge7 11. g3 Nd4 12. Qf2 Nec6 13. f4 Be7 14. O-O-O O-O 15.
Kb1 Qa5 16. Bd2 Qc7 17. Be3 Rab8 18. e5 b5 19. Bg2 bxc4 20. Bxc6 Qxc6 21. Rhf1
Nb5 22. Nxb5 axb5 23. Rd2 Rfd8 24. Rfd1 Rd3 25. Qe2 Qe4 26. Rxd3 Rd8 27. Bxc5
Qxd3+ 28. Qxd3 cxd3 29. Bxe7 1-0